[Event "CFriend RH-2005-0-00032 email"]
[Site "Chessfriend.com"]
[Date "2005.11.18"]
[Round "1"]
[White "Hassim, Unes"]
[Black "Lamar, Eriq"]
[Result "1/2-1/2"]
[WhiteElo "2241"]
[BlackElo "2100"]
[PlyCount "44"]
[EventDate "2005.11.18"]
[EventType "tourn (corr)"]
[EventRounds "6"]
[SourceTitle "Corr 2008"]
[Source "ChessBase"]
[SourceDate "2008.06.24"]
[SourceVersion "1"]
[SourceVersionDate "2008.06.24"]
[SourceQuality "1"]

1. e4 c5 2. Nf3 d6 3. d4 cxd4 4. Nxd4 Nf6 5. Nc3 a6 6. Be2 e5 7. Nb3 Be7 8. 0-0 0-0 9. Qd3 Nc6 10. Nd5 Nxd5 11. exd5 Nb8 12. a4 f5 13. f4 e4 14. Qg3 Bf6 15. Rd1 a5 16. Nd4 Na6 17. Be3 Nc5 18. c3 Bd7 19. Nb5 Bxb5 20. Bxb5 b6 21. Bf2 Rf7 22. Qh3 g6 1/2-1/2

[Event "CFriend RH-2005-0-00032 email"]
[Site "Chessfriend.com"]
[Date "2005.11.18"]
[Round "1"]
[White "Lamar, Eriq"]
[Black "Bernal Varela, Nelson"]
[Result "1/2-1/2"]
[WhiteElo "2100"]
[BlackElo "2172"]
[PlyCount "65"]
[EventDate "2005.11.18"]
[EventType "tourn (corr)"]
[EventRounds "6"]
[SourceTitle "Corr 2008"]
[Source "ChessBase"]
[SourceDate "2008.06.24"]
[SourceVersion "1"]
[SourceVersionDate "2008.06.24"]
[SourceQuality "1"]

1. e4 c5 2. Nf3 d6 3. d4 cxd4 4. Nxd4 Nf6 5. Nc3 a6 6. Bg5 e6 7. Be2 Be7 8. 0-0 Nxe4 9. Bxe7 Nxc3 10. Bxd8 Nxd1 11. Bc7 Nxb2 12. Bxd6 Na4 13. Bf3 Kd7 14. Bf4 f6 15. Rab1 e5 16. Bxb7 Bxb7 17. Rxb7+ Kd6 18. Nf5+ Kc6 19. Rb4 g6 20. Nd4+ exd4 21. Rxa4 Kc5 22. Ra5+ Kb4 23. Rd5 Kc4 24. Rd6 Rc8 25. Rxf6 Nc6 26. a3 Kc3 27. h4 Kb2 28. Re1 Kxa3 29. Rb1 a5 30. Rd6 Nb4 31. Rxd4 Rxc2 32. Bd6 Ka2 33. Re1 1/2-1/2